Music Quiz

Random Music or Song Quiz

Rap Lyrics in More Scholarly Language Quiz Stats

 Plays Quiz Updated Mar 9, 2016

Support Sporcle.
Go Orange.
Score 0/18 Timer 07:00
1 Play Today
Artist Song title % Correct
Jay-Z99 Problems
87.5%
NellyHot In Herre
75.9%
MC HammerU Can't Touch This
71.3%
Vanilla IceIce Ice Baby
68.1%
50 CentIn Da Club
68%
Sir Mix-A-LotBaby Got Back
62.1%
Snoop DoggGin & Juice
60.2%
Snoop DoggDrop It Like It's Hot
57.4%
Notorious B.I.G.Big Poppa
56.6%
Artist Song title % Correct
CoolioGangsta's Paradise
47.6%
Lil' JonGet Low
46.5%
Notorious B.I.G.Mo Money Mo Problems
45.8%
Fat JoeMake It Rain
43.3%
Young JeezyMy President
25.8%
Lil' WayneA Milli
25.3%
Kanye WestMercy
21.1%
69 BoyzTootsee Roll
20.3%
TupacHit 'Em Up
18%

You're not logged in!

Compare scores with friends on all Sporcle quizzes.
OR
Log In

From the Vault

Top Peach Producing States

by scole9179

Can the 'Peach State' really call itself that if it's not the state that grows the most peaches?
Remove Ads.
Support Sporcle.
Get the best of Sporcle when you Go Orange. This ad-free experience offers more features, more stats, and more fun while also helping to support Sporcle. Thank you for becoming a member.

Show Comments

Extras

Top Quizzes Today


Score Distribution

Your Account Isn't Verified!

In order to create a playlist on Sporcle, you need to verify the email address you used during registration. Go to your Sporcle Settings to finish the process.

Report this User

Report this user for behavior that violates our Community Guidelines.

Details: